Europeizacja polskiej polityki wobec cudzoziemców 1990-2003 /
Saved in:
| Main Author: | |
|---|---|
| Format: | Book |
| Language: | Polish |
| Published: |
Warszawa :
Wydawn. Naukowe Scholar,
2006.
|
| Edition: | Wyd. 1. |
| Subjects: | |
| Tags: |
Add Tag
No Tags, Be the first to tag this record!
|
| LEADER | 01041cam a22003254a 4500 | ||
|---|---|---|---|
| 001 | 010080558-2 | ||
| 005 | 20070424192127.0 | ||
| 008 | 060829s2006 pl b 000 0 pol c | ||
| 010 | |a 2006467563 | ||
| 020 | |a 8373831843 | ||
| 020 | |a 9788373831841 | ||
| 035 | 0 | |a ocm71208874 | |
| 040 | |a CSt |c STF |d YUS |d NUKAT |d DLC | ||
| 042 | |a pcc | ||
| 043 | |a e-pl--- | ||
| 050 | 4 | |a KKP3025 |b .W45 2006 | |
| 050 | 0 | 0 | |a JV8195 |b .W45 2006 |
| 100 | 1 | |a Weinar, Agnieszka. | |
| 245 | 1 | 0 | |a Europeizacja polskiej polityki wobec cudzoziemców 1990-2003 / |c Agnieszka Weinar. |
| 250 | |a Wyd. 1. | ||
| 260 | |a Warszawa : |b Wydawn. Naukowe Scholar, |c 2006. | ||
| 300 | |a 254 p. ; |c 24 cm. | ||
| 504 | |a Includes bibliographical references (p. [229]-254) | ||
| 650 | 7 | |a Imigranci |x polityka rządowa |z Polska |y 1990- |2 jhpk | |
| 650 | 7 | |a Cudzoziemcy |x polityka rządowa |z Polska |y 1990- |2 jhpk | |
| 650 | 0 | |a Aliens |z Poland. | |
| 651 | 0 | |a Poland |x Emigration and immigration |x Government policy. | |
| 610 | 2 | 0 | |a European Union |z Poland. |
| 988 | |a 20060814 | ||
| 906 | |0 OCLC | ||


